000 00301nam a22001337a 4500
008 171019b xxu||||| |||| 00| 0 eng d
020 _a9780073381190
041 _aeng
080 _27 ED
_a338
100 _a53
101 _aMEN
245 _aINTERNATIONAL MANGEMENT
_cLUTHNANS.F
942 _2udc
_cBK
999 _c34871
_d34871